Statistics for Countries with the most oil production.

Click here to take the quiz!

General Stats

  • This quiz has been taken 31 times
  • The average score is 17 of 20

Answer Stats

Answer% Correct
Russia
100%
Saudi Arabia
100%
Canada
96%
China
96%
Kuwait
96%
Qatar
96%
United Kingdom
96%
USA
96%
Brazil
93%
Iran
93%
Iraq
93%
Mexico
89%
Oman
89%
United Arab Emirates
89%
Algeria
78%
Norway
78%
Colombia
70%
Kazakhstan
63%
Nigeria
63%
Angola
30%

Score Distribution

Percentile by Number Answered

Percent of People with Each Score

Your Score History

You have not taken this quiz